Keď úradník podniká so štátnym

Diskutabilná problematika obchodného a rozpočtového deficitu SR. Nesprávne názory na obchodný deficit. Vysvetlenie výrazného záporného salda Slovenska a Česka.

Salvato in:
Dettagli Bibliografici
Autore principale: Malejčík, A.
Natura: Capitolo di libro
Lingua:slovacco
Soggetti:
Tags: Aggiungi Tag
Nessun Tag, puoi essere il primo ad aggiungerne!!

MARC

LEADER 00000naa a2200000 4500
001 r025960
005 20230824090404.4
041 0 |a slo 
044 |a SK 
245 1 0 |a Keď úradník podniká so štátnym  |c A. Malejčík 
520 |a Diskutabilná problematika obchodného a rozpočtového deficitu SR. Nesprávne názory na obchodný deficit. Vysvetlenie výrazného záporného salda Slovenska a Česka. 
610 2 0 |a Slovensko 
610 2 0 |a Česko 
610 2 0 |a 1997 
610 2 0 |a politika rozpočtová 
610 2 0 |a rozpočet štátny 
610 2 0 |a bilancia obchodná 
610 2 0 |a deficit rozpočtový 
100 1 |a Malejčík, A.